Statistics for NBA Players from Dartmouth

Click here to take the quiz!

General Stats

  • This quiz has been taken 3 times
  • The average score is 1 of 6

Answer Stats

PositionPlayerDraft Year% Correct
FCRudy LaRusso1959
100%
GJames Blackwell1991
33%
GFAud BrindleyN/A
0%
GEd Leede1949
0%
GGeorge MunroeN/A
0%
CWalter Palmer1990
0%

Score Distribution

Percentile by Number Answered

Percent of People with Each Score

Your Score History

You have not taken this quiz